|
|
|
|
| LEADER |
02690nam a2200601 i 4500 |
| 001 |
nkc20142649374 |
| 003 |
CZ PrNK |
| 005 |
20160122085517.0 |
| 007 |
ta |
| 008 |
150106s2014 xr a e c 000 0dcze |
| 020 |
|
|
|a 978-80-87828-12-0
|q (brož.)
|
| 040 |
|
|
|a ABA001
|b cze
|
| 041 |
1 |
|
|a cze
|a eng
|h cze
|
| 043 |
|
|
|a e-xr---
|b e-xr-pg
|2 czenas
|
| 045 |
|
|
|a t7u1
|
| 072 |
|
7 |
|a 72/76
|x Výtvarné umění
|2 Konspekt
|9 21
|
| 080 |
|
|
|a 72/76:929.7
|2 MRF
|
| 080 |
|
|
|a 72/76(4)
|2 MRF
|
| 080 |
|
|
|a 72/76:069.5
|2 MRF
|
| 080 |
|
|
|a 069.5-027.551
|2 MRF
|
| 080 |
|
|
|a (437.3)
|2 MRF
|
| 080 |
|
|
|a (437.311)
|2 MRF
|
| 080 |
|
|
|a (083.824)
|2 MRF
|
| 245 |
0 |
0 |
|a Rudolfínští mistři :
|b díla dvorních umělců Rudolfa II. z českých soukromých sbírek : katalog k výstavě Muzea hlavního města Prahy = The masters of Rudolf II's era : works of art by court artists of Rudolf II in private Czech collections : the City of Prague Museum exhibition catalogue /
|c [editor] Eliška Fučíková ; [autor textů ... Eliška Fučíková, Lubomír Konečný]
|
| 246 |
3 |
1 |
|a Masters of Rudolf II's era
|
| 250 |
|
|
|a Vyd. 1.
|
| 260 |
|
|
|a Praha :
|b Muzeum hlavního města Prahy,
|c 2014
|
| 300 |
|
|
|a 170 s. (některé složené) :
|b il. (převážně barev.), portréty ;
|c 30 cm
|
| 500 |
|
|
|a K výstavě v Muzeu hlavního města Prahy, 11.11.2014-29.3.2015
|
| 546 |
|
|
|a Souběžný anglický text
|
| 600 |
0 |
7 |
|a Rudolf
|b II. Habsburský,
|c římskoněmecký císař,
|d 1552-1612
|7 jn20000701541
|2 czenas
|
| 648 |
|
4 |
|a 1575-1612
|
| 648 |
|
7 |
|a 16.-17. století
|7 ch757028
|2 czenas
|
| 650 |
0 |
7 |
|a dvorské umění
|7 ph119656
|z Česko
|y 16.-17. stol.
|2 czenas
|
| 650 |
0 |
7 |
|a evropské výtvarné umění
|7 ph120080
|y 16.-17. stol.
|2 czenas
|
| 650 |
0 |
7 |
|a umělecké sbírky
|7 ph135222
|z Česko
|2 czenas
|
| 650 |
0 |
7 |
|a soukromé sbírky
|7 ph135214
|z Česko
|2 czenas
|
| 650 |
0 |
9 |
|a courtly art
|z Czechia
|y 16th-17th centuries
|2 eczenas
|
| 650 |
0 |
9 |
|a European art
|y 16th-17th centuries
|2 eczenas
|
| 650 |
0 |
9 |
|a art collections
|z Czechia
|2 eczenas
|
| 650 |
0 |
9 |
|a private collections
|z Czechia
|2 eczenas
|
| 655 |
|
7 |
|a katalogy výstav
|7 fd132536
|2 czenas
|
| 655 |
|
9 |
|a exhibition catalogs
|2 eczenas
|
| 651 |
|
7 |
|a Praha (Česko)
|7 ge118011
|y 16.-17. stol.
|2 czenas
|
| 651 |
|
9 |
|a Prague (Czechia)
|y 16th-17th centuries
|2 eczenas
|
| 700 |
1 |
|
|a Fučíková, Eliška,
|d 1940-
|7 jx20040831015
|4 wfw
|4 edt
|
| 700 |
1 |
|
|a Konečný, Lubomír,
|d 1946-
|7 jn99240000484
|4 wfw
|
| 710 |
2 |
|
|a Muzeum hlavního města Prahy
|7 kn20010709064
|
| 910 |
2 |
|
|a BOA001
|b 4-1339.462
|
| 990 |
|
|
|a BK
|
| 995 |
|
|
|a 11
|
| 991 |
|
|
|b 201501
|c NOV
|e n
|
| 996 |
6 |
|
|b 2610617733
|c 4-1339.462
|l MZK
|r Sklad / do 1 hodiny
|n 10
|p p.v.
|w 001481768
|u 000010
|a 1
|e BOA001
|j MZK50
|s P
|